Ensayos de derecho penal y procesal internacional /
Guardado en:
| Autor Principal: | |
|---|---|
| Otros Autores: | |
| Formato: | Libro |
| Idioma: | Spanish |
| Publicado: |
Venezuela :
Diké,
2011
|
| Materias: | |
| Etiquetas: |
Agregar Etiqueta
Sin Etiquetas, Sea el primero en etiquetar este registro!
|
| LEADER | 00732nam a22001695a 4500 | ||
|---|---|---|---|
| 001 | DER.der012053 | ||
| 008 | 180615s2011####ag#||||||||||||||#||spa|| | ||
| 005 | 20250305141714.0 | ||
| 245 | 1 | 0 | |a Ensayos de derecho penal y procesal internacional / |c Héctor Olásolo Alonso ; prólogo de Luis Moreno Ocampo. |
| 260 | |a Venezuela : |b Diké, |c 2011 | ||
| 300 | |a 514 p. | ||
| 501 | |a Con inclusión de la lección inaugural como catedrático de derecho penal y procesal internacional de la Universidad de Utrecht (Holanda) Dictada el 18 de Octubre de 2010. | ||
| 020 | |a 9789587310771 | ||
| 100 | 1 | |a Olásolo Alonso, Héctor | |
| 700 | 1 | |a Moreno Ocampo, Luis, |e prol. | |
| 650 | 7 | |a CORTE PENAL INTERNACIONAL | |
| 859 | |a DERECHO |b BIB. DERECHO |h 345.420 |i OLA |p 006828 | ||
